The Theory and Practice of Personnel Management / Seventh Edition (Record no. 942)
[ view plain ]
| 000 -LEADER | |
|---|---|
| fixed length control field | 01319cam a22002054a 4500 |
| 005 - ΗΜΕΡΟΜΗΝΙΑ ΚΑΙ ΩΡΑ ΤΕΛΕΥΤΑΙΑΣ ΕΝΗΜΕΡΩΣΗΣ | |
| Πεδίο ελέγχου | 20250605163950.0 |
| 008 - FIXED-LENGTH DATA ELEMENTS--GENERAL INFORMATION | |
| Πεδίο ελέγχου σταθερού μήκους | 250528s ||||||||||||||||||||||||d |
| 035 ## - SYSTEM CONTROL NUMBER | |
| System control number | 15353 |
| 020 ## - ISBN | |
| ISBN | 750607130 |
| 040 ## - ΠΗΓΗ ΚΑΤΑΛΟΓΟΓΡΑΦΗΣΗΣ | |
| Φορέας πρωτότυπης καταλογογράφησης | MC Athens Campus Library |
| Γλώσσα καταλογογράφησης | Ελληνικά, Μοντέρνα (1453-) |
| Modifying agency | MC Athens Campus Library |
| Κανόνες περιγραφικής καταλογογράφησης | AACR2 |
| 245 1# - ΤΙΤΛΟΣ ΚΑΙ ΔΗΛΩΣΗ ΥΠΕΥΘΥΝΟΤΗΤΑΣ | |
| Τίτλος | The Theory and Practice of Personnel Management / Seventh Edition |
| 250 ## - EDITION STATEMENT | |
| Edition statement | 7th |
| 260 ## - PUBLICATION, DISTRIBUTION, ETC. | |
| Name of publisher, distributor, etc. | Butterworth Heinemann, |
| Date of publication, distribution, etc. | 1993 |
| 300 ## - PHYSICAL DESCRIPTION | |
| Extent | 470 |
| 520 ## - SUMMARY, ETC. | |
| Summary, etc. | Fully updated with new material on training, labor relations and industrial relations. Preface, The Personnel Management Function, Personnel Policy, Motivation, The Employment Function, Selection of Staff, Aspects of Employment - Transfer and Promotion and Termination, Special Categories of the Labor Force, Staff Assessment, Management by Objectives, The Training Function, Training Supervisors and Managers, Wages and Salaries - The National Scene, Wages and Salaries - The Individual and Productivity, The Framework of Industrial Relations, Labor Relations at the Workplace, Communications, Problems of Morale, Working Conditions and Welfare and Status, Health and Safety, Administering the Personnel Function, Human Asset Accounting, Auditing the Personnel Management Function, Appendices, Index. |
| 700 1# - ΠΡΟΣΘΕΤΗ ΑΝΑΓΡΑΦΗ--ΦΥΣΙΚΟ ΠΡΟΣΩΠΟ | |
| Personal name | Cuming W. Maurice |
| 9 (RLIN) | 1254 |
| 942 ## - ADDED ENTRY ELEMENTS (KOHA) | |
| Koha item type | Books |
| Τύπος τεκμηρίου | Βιβλιοθήκη | Τρέχουσα τοποθεσία | Barcode | Αριθμός εισαγωγής | Ημερομηνία απόκτησης | Ταξιθετικό σύμβολο | Αριθμός αντιτύπου | Κατάσταση απόσυρσης | Κατάσταση χαμένου | Κατάσταση κατεστραμμένου | Μη δανεισμός | Σύνολο δανεισμών | Ημερομηνία τελευταίας εμφάνισης | Η τιμή ισχύει από |
|---|---|---|---|---|---|---|---|---|---|---|---|---|---|---|
| Books | MC Athens Campus Library | MC Athens Campus Library | 9780000009418 | 1603 | 05/06/2025 | 658.3 CUM | 1 | 05/06/2025 | 05/06/2025 |